Clinical virology / (Record no. 522565)

000 -LEADER
fixed length control field 01144pam a2200325 a 4500
001 - CONTROL NUMBER
control field 1637165
003 - CONTROL NUMBER IDENTIFIER
control field NUST
005 - DATE AND TIME OF LATEST TRANSACTION
control field 20181105105046.0
008 - FIXED-LENGTH DATA ELEMENTS--GENERAL INFORMATION
fixed length control field 961009s1997 nyua b 001 0 eng c
010 ## - LIBRARY OF CONGRESS CONTROL NUMBER
LC control number 96048084
020 ## - INTERNATIONAL STANDARD BOOK NUMBER
International Standard Book Number 0443076537 (alk. paper)
038 ## - RECORD CONTENT LICENSOR
Staff Name ASAB
050 00 - LIBRARY OF CONGRESS CALL NUMBER
Classification number RC114.5
Item number .C56 1997
060 10 - NATIONAL LIBRARY OF MEDICINE CALL NUMBER
Classification number WC 500 C639 1997
082 00 - DEWEY DECIMAL CLASSIFICATION NUMBER
Classification number 616.9/25
Edition number 21
245 00 - TITLE STATEMENT
Title Clinical virology /
Statement of responsibility, etc. edited by Douglas D. Richman, Richard J. Whitley, Frederick G. Hayden.
260 ## - PUBLICATION, DISTRIBUTION, ETC.
Place of publication, distribution, etc. New York :
Name of publisher, distributor, etc. Churchill Livingstone,
Date of publication, distribution, etc. c1997.
300 ## - PHYSICAL DESCRIPTION
Extent xvi, 1355 p. :
Other physical details ill. (some col.) ;
Dimensions 29 cm.
504 ## - BIBLIOGRAPHY, ETC. NOTE
Bibliography, etc. note Includes bibliographical references and index.
650 #0 - SUBJECT ADDED ENTRY--TOPICAL TERM
Topical term or geographic name entry element Virus diseases.
9 (RLIN) 12577
650 #0 - SUBJECT ADDED ENTRY--TOPICAL TERM
Topical term or geographic name entry element Diagnostic virology.
9 (RLIN) 12578
650 12 - SUBJECT ADDED ENTRY--TOPICAL TERM
Topical term or geographic name entry element Virus Diseases.
9 (RLIN) 12579
650 22 - SUBJECT ADDED ENTRY--TOPICAL TERM
Topical term or geographic name entry element Viruses.
9 (RLIN) 5923
700 1# - ADDED ENTRY--PERSONAL NAME
Personal name Richman, Douglas D.
9 (RLIN) 12580
700 1# - ADDED ENTRY--PERSONAL NAME
Personal name Whitley, Richard J.
9 (RLIN) 12581
700 1# - ADDED ENTRY--PERSONAL NAME
Personal name Hayden, Frederick G.
9 (RLIN) 12582
906 ## - LOCAL DATA ELEMENT F, LDF (RLIN)
a 7
b cbc
c orignew
d 1
e ocip
f 19
g y-gencatlg
942 ## - ADDED ENTRY ELEMENTS (KOHA)
Source of classification or shelving scheme
Koha item type Book
Holdings
Withdrawn status Lost status Source of classification or shelving scheme Damaged status Not for loan Collection code Permanent Location Current Location Date acquired Total Checkouts Full call number Barcode Date last seen Price effective from Koha item type
            Atta-ur-Rahman School of Applied Biosciences (ASAB) Atta-ur-Rahman School of Applied Biosciences (ASAB) 11/05/2018   616.9 RIC ASAB743 11/05/2018 11/05/2018 Book
© 2023 Central Library, National University of Sciences and Technology. All Rights Reserved.